000 00982cam a2200301 4500
008 090401t1995 xxu||||| |||| 00| 0 eng d
020 _a0704904187
035 _a(Sirsi) u18379
041 _aeng
050 _a630.026
_c18
090 _a630.026
100 _aGibbard, Roger
245 _aSaunders v Ralph: the interpretation of the case and its application for the surveying profession.
260 _aReading
_bCELTS
_c1995
300 _a29p. ; 30cm.
350 _a15
490 _aCentre for Environment and Land Tenure Studies Research Series
_v95/2
650 _aAGRICULTURAL HOLDINGS
650 _aPROPERTY-LANDLORD AND TENANT-TENANCIES-AGRICULTURAL TENANCIES
650 _aSAUNDERS V RALPH
650 _aSECURITY OF TENURE
650 _aSUCCESSION
690 _aLANDLORD AND TENANT-AGRICULTURAL TENANCIES
710 _aCentre for Environment and Land Tenure Studies
_92835
710 _aUniversity of Reading
_93273
942 _n0
948 _c04/03/1997
999 _c87594
_d87594